000 00766nam a2200241Ia 4500
003 OSt
005 20251107115418.0
008 210716s2004 xx 000 0 und d
020 _a1555583172
040 _cAIMIT LIBRARY
041 _aeng
082 _a005.8
_21
_bRITJ
100 _aRittinghouse, John W.
_9244621
245 _aWireless operational security /
_cBy John W Rittinghouse and James F Ransome.
250 _a1st ed.
260 _aBoston :
_bElsevier Digital Press ,
_c2004.
300 _axxvi,468p. ;
_bPB
_c23.8 cm
650 _aSetting up defenses
_9244622
650 _aWlan risk and threat mitigation
_9244623
650 _aWlan risk and threat mitigation
_9244623
700 _aRansome, James F.
_9244624
942 _2ddc
_cBK
_e1st
_k005.8 RITJ
999 _c189446
_d189446